000 00507nam a22001697a 4500
005 20251108170525.0
008 250721s2000 xx 000 0 ara d
082 1 4 _a338.47019/عبي
100 1 _aعبيدات، محمد إبراهيم
245 1 0 _aسلوك المستهلك :
_bمدخل إستراتيجي /
250 _aط3
264 1 _aعمان :
_bدار وائل للنشر،
_c2000.
300 _a453ص.
650 1 7 _aسيكولوجية المستهلك
942 _2ddc
_cBK
999 _c42615
_d42615